Southville International School and Colleges
Your cart is empty.
  • Cart
  • Lists
    Public lists Eva Luna New books Lux_list list_1
    Your lists Log in to create your own lists
  • Log in to your account
  • Your cookies
  • Search history
Southville International School and Colleges
  • Advanced search
  • Recent comments
  • Most popular
  • Libraries

Log in to your account

Log in with GOOGLE


If you do not have an external account, but do have a local account, you can still log in:

  1. Home
  2. MARC view: Ninjas don't bake pumpkin pies /
Normal view MARC view ISBD view

Ninjas don't bake pumpkin pies / (Record no. 47459)

[ view plain ]
MARC details
000 -LEADER
fixed length control field 01263cam a22003853a 4500
001 - CONTROL NUMBER
control field 12631403
003 - CONTROL NUMBER IDENTIFIER
control field OSt
005 - DATE AND TIME OF LATEST TRANSACTION
control field 20140317091518.0
008 - FIXED-LENGTH DATA ELEMENTS--GENERAL INFORMATION
fixed length control field 991019s1999 nyua 000 0 eng d
010 ## - LIBRARY OF CONGRESS CONTROL NUMBER
LC control number 2001546169
020 ## - INTERNATIONAL STANDARD BOOK NUMBER
International Standard Book Number 0439043980
035 ## - SYSTEM CONTROL NUMBER
System control number (OCoLC)ocm42661709
040 ## - CATALOGING SOURCE
Original cataloging agency ZAB
Transcribing agency ZAB
Modifying agency SLC
-- DLC
042 ## - AUTHENTICATION CODE
Authentication code lccopycat
050 00 - LIBRARY OF CONGRESS CALL NUMBER
Classification number PZ 7
Item number .D121Ni 1999
100 1# - MAIN ENTRY--PERSONAL NAME
Personal name Dadey, Debbie.
9 (RLIN) 4137
245 10 - TITLE STATEMENT
Title Ninjas don't bake pumpkin pies /
Statement of responsibility, etc Debbie Dadey and Marcia Thornton Jones.
246 3# - VARYING FORM OF TITLE
Title proper/short title Ninjas do not bake pumpkin pies
260 ## - PUBLICATION, DISTRIBUTION, ETC. (IMPRINT)
Place of publication, distribution, etc New York :
Name of publisher, distributor, etc Scholastic,
Date of publication, distribution, etc 1999.
300 ## - PHYSICAL DESCRIPTION
Extent 70 p. :
Other physical details ill. ;
Dimensions 19 cm.
490 1# - SERIES STATEMENT
Series statement The adventures of the Bailey School kids ;
Volume number/sequential designation #38
500 ## - GENERAL NOTE
General note "A Little Apple paperback."
521 ## - TARGET AUDIENCE NOTE
Target audience note
526 ## - STUDY PROGRAM INFORMATION NOTE
Reading level 690
562 ## - COPY AND VERSION IDENTIFICATION NOTE
Number of copies 1
650 #0 - SUBJECT ADDED ENTRY--TOPICAL TERM
Topical term or geographic name as entry element Pumpkin
Form subdivision Juvenile fiction.
9 (RLIN) 26432
650 #0 - SUBJECT ADDED ENTRY--TOPICAL TERM
Topical term or geographic name as entry element Bailey School Kids (Fictitious characters)
Form subdivision Juvenile fiction.
9 (RLIN) 26433
700 1# - ADDED ENTRY--PERSONAL NAME
Personal name Jones, Marcia Thornton.
9 (RLIN) 4140
700 1# - ADDED ENTRY--PERSONAL NAME
Personal name Gurney, John Steven,
Dates associated with a name 1962-
Relator term ill.
9 (RLIN) 26434
800 1# - SERIES ADDED ENTRY--PERSONAL NAME
Personal name Dadey, Debbie.
Title of a work Adventures of the Bailey School kids ;
Volume/sequential designation #38.
9 (RLIN) 26435
906 ## - LOCAL DATA ELEMENT F, LDF (RLIN)
a 7
b cbc
c copycat
d 2
e ncip
f 20
g y-genrareb
942 ## - ADDED ENTRY ELEMENTS (KOHA)
Source of classification or shelving scheme Library of Congress Classification
Koha item type Books
Holdings
Withdrawn status Lost status Source of classification or shelving scheme Damaged status Home library Current library Shelving location Date acquired Total Checkouts Full call number Barcode Date last seen Copy number Price effective from Koha item type
    Library of Congress Classification   Munich Library Munich Library Scholastic Reading Center Section 03/17/2014   PZ 7 .D121Ni 1999 MS3216 03/17/2014 1 03/17/2014 Books

Ninjas don't bake pumpkin pies /

APA

Dadey D., Jones M. T. & Gurney J. S. (1999). Ninjas don't bake pumpkin pies. New York: Scholastic.

Chicago

Dadey Debbie, Jones Marcia Thornton and Gurney John Steven. 1999. Ninjas don't bake pumpkin pies. New York: Scholastic.

Harvard

Dadey D., Jones M. T. and Gurney J. S. (1999). Ninjas don't bake pumpkin pies. New York: Scholastic.

MLA

Dadey Debbie, Jones Marcia Thornton and Gurney John Steven. Ninjas don't bake pumpkin pies. New York: Scholastic. 1999.

  • Place hold
  • Print
  • Cite
  • Add to your cart (remove)
  • Save record
    BIBTEX Dublin Core MARCXML MARC (non-Unicode/MARC-8) MARC (Unicode/UTF-8) MARC (Unicode/UTF-8, Standard) MODS (XML) RIS
  • More searches
    Search for this title in:
    Other Libraries (WorldCat) Other Databases (Google Scholar) Online Stores (Bookfinder.com) Open Library (openlibrary.org)

Exporting to Dublin Core...

SOUTHVILLE LIBRARY

Southville International School and Colleges Library

1281 Tropical Ave. Cor. Luxembourg St., BF Homes International, Las Pinas City

Tel. No. 8256374 / 252358 Loc. 117/146

Powered by Koha